01556nam a2200325 a 4500001001000000003000900010005001700019007001000036008004100046020002500087020002500112020002500137040002200162082002300184100002800207245007700235260006400312300001900376490004400395500007000439505010900509651005800618651008900676651008300765651006700848651009600915651008401011710006501095830007001160000024125DO-SdBNP20210326143304.0000024125110119s2013 dr b 000 0 spa d a9789945887747 (v. 1) a9789945887754 (v. 2) a9789945887761 (v. 3) aBPMSUbspacBPMSU 4aR 016.97293bM938b1 aMoya Pons, Frankd1944-10aBibliografía de la historia dominicana :b1730-2013 /cFrank Moya Pons aSanto Domingo :bAcademia Dominicana de la Historia,c2013. a3 v. ;c23 cm.1 aAcademia Dominicana de la Historiav108 aIncluye datos biográficos del autor en la solapa de la cubierta0 gv. 1tRelación periódica y temáticagv. 2tRelación cronológicagv. 3tRelación alfabética 4aRepública DominicanaxHistoria yColonia, 1503-1844 4aRepública Dominicana xHistoria yAnexión a España, 1861-1863vBibliografía  4aRepública Dominicana xHistoria yRestauración, 1863-1865vBibliografía  4aRepública Dominicana xHistoria y1730-2010vBibliografía  4aRepública Dominicana xHistoria xOcupación Norteamericana y1916-1924vBibliografía  4aRepública Dominicana xHistoria yEra de Trujillo, 1930-1961vBibliografía  4Academia Dominicana de la Historia, (República Dominicana) pAcademia Dominicana de la Historia,v108 (República Dominicana)